Riktsukt sangrah (Record no. 83586)

MARC details
000 -LEADER
fixed length control field 00343nam a2200145Ia 4500
008 - FIXED-LENGTH DATA ELEMENTS--GENERAL INFORMATION
fixed length control field 230917s9999||||xx |||||||||||||| ||und||
040 ## - CATALOGING SOURCE
-- 152578
Original cataloging agency VIVEKANANDA LIBRARY
041 ## - Language
-- English
082 ## - DDC NUMBER
Classification number 294.12 S24R
100 ## - MAIN ENTRY--PERSONAL NAME
Personal name Shastri Haridutt
245 #0 - TITLE STATEMENT
Title Riktsukt sangrah
260 ## - PUBLICATION, DISTRIBUTION, ETC. (IMPRINT)
Place of publication, distribution, etc Meerut
Name of publisher, distributor, etc Sahitya Bhandar
Date of publication, distribution, etc 1995
300 ## - PHYSICAL DESCRIPTION
Pages 378 p.
942 ## - ADDED ENTRY ELEMENTS (KOHA)
Koha item type Books
Holdings
Withdrawn status Lost status Damaged status Not for loan Location (home branch) Sublocation or collection (holding branch) Date acquired Koha issues (times borrowed) Koha full call number Accession No. Koha date last seen Koha item type
        VIVEKANANDA LIBRARY VIVEKANANDA LIBRARY 09/04/2010   294.12 S24R 161079 17/09/2023 Books
        VIVEKANANDA LIBRARY VIVEKANANDA LIBRARY 09/04/2010   294.12 S24R 290959 17/09/2023 Books
        VIVEKANANDA LIBRARY VIVEKANANDA LIBRARY 09/04/2010   294.12 S24R 290960 17/09/2023 Books
        VIVEKANANDA LIBRARY VIVEKANANDA LIBRARY 09/04/2010 3 294.12 S24R 290961 30/01/2026 Books
        VIVEKANANDA LIBRARY VIVEKANANDA LIBRARY 09/04/2010   294.12 S24R 290962 17/09/2023 Books
        VIVEKANANDA LIBRARY VIVEKANANDA LIBRARY 09/04/2010 1 294.12 S24R 290963 07/11/2023 Books
        VIVEKANANDA LIBRARY VIVEKANANDA LIBRARY 09/04/2010   294.12 S24R 290964 17/09/2023 Books
        VIVEKANANDA LIBRARY VIVEKANANDA LIBRARY 09/04/2010 1 294.12 S24R 290965 30/10/2023 Books
        VIVEKANANDA LIBRARY VIVEKANANDA LIBRARY 09/04/2010 2 294.12 S24R 290966 21/04/2026 Books
        VIVEKANANDA LIBRARY VIVEKANANDA LIBRARY 09/04/2010 1 294.12 S24R 290967 20/01/2025 Books
        VIVEKANANDA LIBRARY VIVEKANANDA LIBRARY 09/04/2010 1 294.12 S24R 290968 14/12/2023 Books
© Designed and Maintained by Vivekananda Library, MDU Rohtak